Central Library OPAC University of Rajshahi

The Affluent Worker : (Record no. 2703)

MARC details
000 -LEADER
fixed length control field 00770nam a22002657a 4500
001 - CONTROL NUMBER
control field 2703
003 - CONTROL NUMBER IDENTIFIER
rucl marc code BD-RjUL
005 - DATE AND TIME OF LATEST TRANSACTION
control field 20211208233613.0
008 - FIXED-LENGTH DATA ELEMENTS--GENERAL INFORMATION
fixed length control field 131215s1968 un d|||| |||| 001 0 eng d
020 ## - INTERNATIONAL STANDARD BOOK NUMBER
International Standard Book Number 521094666
035 ## - SYSTEM CONTROL NUMBER
System control number (BD-RjUL)2730
040 ## - CATALOGING SOURCE
Original cataloging agency BD-RjUL
Language of cataloging eng
Transcribing agency BD-RjUL
041 ## - LANGUAGE CODE
Language code of text/sound track or separate title eng
082 04 - DEWEY DECIMAL CLASSIFICATION NUMBER
Classification number 331
Author mark and year AFF
245 ## - TITLE STATEMENT
Title The Affluent Worker :
Remainder of title Industrial Attitudes and Behaviour /
Statement of responsibility, etc. John H Goldthorpe...[at al]
260 ## - PUBLICATION, DISTRIBUTION, ETC. (IMPRINT)
Place of publication, distribution, etc. Cambridge :
Name of publisher, distributor, etc. University press,
Date of publication, distribution, etc. 1969
300 ## - PHYSICAL DESCRIPTION
Pagination vii,203p. :
Illustrations ill. ;
Size 21cm.
504 ## - BIBLIOGRAPHY, ETC. NOTE
Bibliography, etc Includes index
650 07 - SUBJECT ADDED ENTRY--TOPICAL TERM
Source of heading or term SLSH
Topical term or geographic name as entry element The Affluent Worker
9 (RLIN) 8699
700 1# - ADDED ENTRY--PERSONAL NAME
Personal name Goldthorpe, John H
Personal name Lockwood, Davin
Personal name Bechhofer, Frank
Personal name PLatt,Jeniffer
942 ## - ADDED ENTRY ELEMENTS (KOHA)
Source of classification or shelving scheme Dewey Decimal Classification
Koha item type Books
Holdings
Lost status Source of classification or shelving scheme Damaged status Not for loan Collection code Permanent Location Current Location Shelving location Date acquired Source of acquisition Cost, normal purchase price Total Checkouts Full call number Date last seen Copy number Koha item type
  Dewey Decimal Classification     Non-fiction Central Library, University of Rajshahi Central Library, University of Rajshahi   08/06/1970 Zeitlinger 40.00   331 AFF 1968 15/12/2013 C-2 Books
  Dewey Decimal Classification   Not For Loan Non-fiction Central Library, University of Rajshahi Central Library, University of Rajshahi Reading Room 08/06/1970 Zeitlinger 40.00   331 AFF 1968 15/12/2013 C-1 Books